Finanse i bankowosc 6

Saved in:
Bibliographic Details
Format: Book
Language:Polish
Published: Wroclaw Wydawnictwo Akademii Ekonomicznej im. Oskara Langego we Wroclawiu 2000
Series:Prace naukowe nr. 835
Subjects:
Tags: Add Tag
No Tags, Be the first to tag this record!

MARC

LEADER 00000nam a2200000 4500
001 c123799
005 20240223082604.1
022 |a 0324-8445, 1426-1278 
041 0 |a pol 
044 |a PL 
245 1 0 |a Finanse i bankowosc 6  |c Redaktorzy naukowi: Maria Myszkowska, Danuta Misinska 
264 1 |a Wroclaw  |b Wydawnictwo Akademii Ekonomicznej im. Oskara Langego we Wroclawiu  |c 2000 
300 |a 176 s. 
490 1 |a Prace naukowe nr. 835 
830 0 |a Prace naukowe nr. 835 
610 2 0 |a financie 
610 2 0 |a bankovníctvo 
610 2 0 |a dlhy verejné 
610 2 0 |a transformácia 
610 2 0 |a obligácie 
610 2 0 |a obce 
610 2 0 |a riadenie 
610 2 0 |a aktíva 
610 2 0 |a pasíva 
610 2 0 |a riziko 
610 2 0 |a cash flow 
610 2 0 |a podnik obchodný 
610 2 0 |a banky obchodné 
610 2 0 |a technológie informačné 
610 2 0 |a počítače 
610 2 0 |a účtovníctvo 
610 2 0 |a zákony 
610 2 0 |a paradigma 
610 2 0 |a Poľsko